000
00244nam a22000977a 4500
008
141111b xxu||||| |||| 00| 0 eng d
020
_c
Available
082
_2
4th Ed
245
_a
Digital Design
_c
Mano Morris .M
260
_a
India
_b
Pearson Education
999
_c
24734
_d
24734